Nigerian cities - sudden death - Statistics

General Stats
  • This quiz has been taken 116 times
  • The average score is 11 of 19
Answers on the Grid
Answers color-coded by a green-red scale on the quiz's grid according to % correct below.
Bangkok
Accra
Bruges
Calgary
Khabarovsk
Ibadan
Liverpool
Abuja
Maiduguri
Enugu
Mogilev
Mwanza
Benin City
Rangpur
Kano
Qatif
Port Harcourt
Jos
Ilorin
Kaduna
Zaria
Lagos
Ube
Sokoto
Owerri
Awka
Madurai
Bauchi
Uyo
Ado Ekiti
Owo
Kolwezi
 
Answer Stats
Answer % Correct
Abuja
93%
Lagos
88%
Ibadan
87%
Kano
82%
Benin City
76%
Port Harcourt
75%
Enugu
70%
Uyo
66%
Kaduna
59%
Owo
59%
Jos
58%
Ilorin
51%
Owerri
51%
Maiduguri
50%
Zaria
45%
Sokoto
43%
Ado Ekiti
39%
Awka
29%
Bauchi
25%
No matching quizzes found
Score Distribution
Percent of People with Each Score
Percentile by Number Answered
Your Score History
You have not taken this quiz